000
00316nam a22001337a 4500
008
170323b xxu||||| |||| 00| 0 eng d
020
_a
9789283221630
041
_a
eng
080
_a
616.9
100
_a
7
101
_a
SHM
245
_a
MOLECULAR EPIDEMIOLOGY: PRINCIPLES AND PRACTICES
_c
PERERA, F
942
_2
udc
_c
BK
999
_c
8453
_d
8453